00813 2200193 4500001002100000005001500021035002000036245019700056100002700253250002000280300005200300856002800352700013900380260004600519082000800565084001400573020001800587650001400605INLIS00000000114778920260310093333 a0010-03260003001 aBUKU PINTAR ANTARIKSA /cPenulis; Anggraeni Windi Gernia, Penyunting Fia Husaini, Pemeriksa Aksara; Shofa Nurrofiqah, Penata Aksara; Yusva, Perancang Sampul; Yusva, Perupa Isi; Freepik Premium0 aAnggraeni Windi Gernia aCetakan Pertama a28 halaman :bIlustrasi ;c19 x 26,7 cmeKertas aPerpustakaan Keliling 10 aPenyunting Fia Husaini, Pemeriksa Aksara; Shofa Nurrofiqah, Penata Aksara; Yusva, Perancang Sampul; Yusva, Perupa Isi; Freepik Premium aYogyakarta :bAnak Hebat Indonesia,c2024 a397 a397 ANG b a9786231641427 4aBuku Anak